Kinh dịch đạo của người quân tử

Trình bày những nội dung về kinh và truyện liên quan đến việc bói toán trong tín ngưỡng và tôn giáo ở Trung Quốc

সংরক্ষণ করুন:
গ্রন্থ-পঞ্জীর বিবরন
প্রধান লেখক: Nguyễn, Hiến Lê
অন্যান্য লেখক: Nguyễn Hiến Lê
ভাষা:Undetermined
প্রকাশিত: Hà Nội Văn hóa Thông tin 2014
বিষয়গুলি:
ট্যাগগুলো: ট্যাগ যুক্ত করুন
কোনো ট্যাগ নেই, প্রথমজন হিসাবে ট্যাগ করুন!
Thư viện lưu trữ: Trung tâm Học liệu Trường Đại học Trà Vinh
LEADER 00721nam a2200229Ia 4500
001 TVU_20921
008 210423s9999 xx 000 0 und d
041 |a Vie 
082 |a 133.3 
082 |b L250 
100 |a Nguyễn, Hiến Lê 
245 0 |a Kinh dịch đạo của người quân tử 
245 0 |c Nguyễn Hiến Lê 
260 |a Hà Nội 
260 |b Văn hóa Thông tin 
260 |c 2014 
300 |a 627tr. 
300 |c 21cm 
520 |a Trình bày những nội dung về kinh và truyện liên quan đến việc bói toán trong tín ngưỡng và tôn giáo ở Trung Quốc 
650 |a Bói toán 
700 |a Nguyễn Hiến Lê 
980 |a Trung tâm Học liệu Trường Đại học Trà Vinh